000
00324nam a22001337a 4500
008
181023b xxu||||| |||| 00| 0 eng d
020
_a
9780312096526
041
_a
eng
080
_2
3rd
_a
316
100
_a
50
101
_a
SOC
245
_a
Race, Class, and Gender in the United States
_c
Rothenberg,P.S
942
_2
udc
_c
BK
999
_c
50696
_d
50696